[Event "MSRCH16"]
[Site "?"]
[Date "2026.04.13"]
[Round "5.20"]
[White "Zaborsky, Richard"]
[Black "Tirko, Martin"]
[Result "0-1"]
[BlackElo "1766"]
[WhiteElo "1662"]
[LiveChessVersion "1.4.8"]

1. e4 {[%clk 1:30:57]} c6 {[%clk 1:29:21]} 2. c4 {[%clk 1:31:22]} d5
{[%clk 1:29:19]} 3. exd5 {[%clk 1:31:45]} cxd5 {[%clk 1:29:33]} 4. cxd5
{[%clk 1:32:10]} Nf6 {[%clk 1:29:55]} 5. Bb5+ {[%clk 1:31:16]} Bd7
{[%clk 1:30:14]} 6. Bc4 {[%clk 1:31:41]} Qc7 {[%clk 1:29:11]} 7. Bb3
{[%clk 1:26:29]} Nxd5 {[%clk 1:03:56]} 8. Nf3 {[%clk 1:15:41]} Nf6
{[%clk 0:50:38]} 9. O-O {[%clk 1:12:06]} e6 {[%clk 0:49:28]} 10. d4
{[%clk 1:10:01]} Be7 {[%clk 0:48:49]} 11. Nc3 {[%clk 1:09:44]} O-O
{[%clk 0:48:46]} 12. Re1 {[%clk 1:05:24]} Rd8 {[%clk 0:44:18]} 13. Qe2
{[%clk 0:54:35]} Bb4 {[%clk 0:42:26]} 14. Bd2 {[%clk 0:39:20]} Bxc3
{[%clk 0:40:48]} 15. Bxc3 {[%clk 0:37:24]} Bc6 {[%clk 0:38:16]} 16. Ne5
{[%clk 0:34:56]} Bd5 {[%clk 0:36:31]} 17. Bxd5 {[%clk 0:34:10]} Nxd5
{[%clk 0:36:38]} 18. Rac1 {[%clk 0:32:05]} Nc6 {[%clk 0:33:00]} 19. Nxc6
{[%clk 0:20:59]} bxc6 {[%clk 0:33:17]} 20. Rc2 {[%clk 0:19:16]} Rab8
{[%clk 0:32:21]} 21. Rec1 {[%clk 0:18:09]} Qb6 {[%clk 0:29:40]} 22. Qd2
{[%clk 0:17:05]} Nxc3 {[%clk 0:28:43]} 23. Qxc3 {[%clk 0:15:23]} h6
{[%clk 0:27:36]} 24. g3 {[%clk 0:15:06]} g6 {[%clk 0:13:38]} 25. Qc5
{[%clk 0:11:46]} Rxd4 {[%clk 0:11:28]} 26. Qxb6 {[%clk 0:10:14]} Rxb6
{[%clk 0:11:55]} 27. Rxc6 {[%clk 0:10:29]} Rxb2 {[%clk 0:12:10]} 28. R1c2
{[%clk 0:08:39]} Rxc2 {[%clk 0:10:23]} 29. Rxc2 {[%clk 0:09:04]} Ra4
{[%clk 0:10:47]} 30. Kg2 {[%clk 0:09:11]} Kg7 {[%clk 0:11:07]} 31. Kf3
{[%clk 0:08:30]} Kf6 {[%clk 0:11:25]} 32. h3 {[%clk 0:07:46]} h5 {[%clk 0:11:21]}
33. h4 {[%clk 0:07:19]} Ke5 {[%clk 0:09:00]} 34. Rd2 {[%clk 0:06:26]} f5
{[%clk 0:09:04]} 35. Ke3 {[%clk 0:03:54]} Ra3+ {[%clk 0:08:45]} 36. Ke2
{[%clk 0:03:51]} Ra4 {[%clk 0:08:23]} 37. Kf3 {[%clk 0:01:30]} a5
{[%clk 0:08:23]} 38. Ke2 {[%clk 0:01:09]} f4 {[%clk 0:06:45]} 39. Kf3
{[%clk 0:01:05]} Ra3+ {[%clk 0:06:51]} 40. Kg2 {[%clk 0:01:26]} fxg3
{[%clk 0:06:53]} 41. fxg3 {[%clk 0:01:08]} Ke4 {[%clk 0:07:13]} 42. Re2+
{[%clk 0:01:09]} Re3 {[%clk 0:07:14]} 43. Rd2 {[%clk 0:00:36]} a4
{[%clk 0:04:39]} 44. Kf2 {[%clk 0:27:00]} Rc3 {[%clk 0:34:44]} 45. Re2+
{[%clk 0:22:46]} Kf5 {[%clk 0:34:46]} 46. Kg2 {[%clk 0:19:48]} e5
{[%clk 0:35:00]} 47. Kf2 {[%clk 0:19:55]} e4 {[%clk 0:34:46]} 48. Kg2
{[%clk 0:18:41]} Ke5 {[%clk 0:35:14]} 49. Kf2 {[%clk 0:18:59]} a3
{[%clk 0:34:47]} 50. Kg2 {[%clk 0:18:52]} Kd4 {[%clk 0:34:36]} 51. Kf2
{[%clk 0:19:11]} Rf3+ {[%clk 0:32:01]} 52. Kg2 {[%clk 0:19:01]} Kd3
{[%clk 0:32:13]} 53. Re1 {[%clk 0:18:57]} Re3 {[%clk 0:31:18]} 54. Rb1
{[%clk 0:19:07]} Re2+ {[%clk 0:31:31]} 55. Kf1 {[%clk 0:19:12]} Rxa2
{[%clk 0:31:57]} 56. Re1 {[%clk 0:19:09]} Rb2 {[%clk 0:32:06]} 57. Rd1+
{[%clk 0:19:05]} Rd2 {[%clk 0:32:01]} 58. Ra1 {[%clk 0:19:14]} a2
{[%clk 0:32:23]} 59. Ke1 {[%clk 0:19:02]} Rb2 {[%clk 0:32:42]} 60. Rd1+
{[%clk 0:19:24]} Ke3 {[%clk 0:33:11]} 0-1

[Event "MSRCH16"]
[Site "?"]
[Date "2026.04.13"]
[Round "5.21"]
[White "Slivka, Martin"]
[Black "Torok, Aron Levente"]
[Result "1-0"]
[BlackElo "1749"]
[WhiteElo "1657"]
[LiveChessVersion "1.4.8"]

1. e4 {[%clk 1:30:57]} c6 {[%clk 1:30:51]} 2. d4 {[%clk 1:31:24]} d5
{[%clk 1:31:14]} 3. exd5 {[%clk 1:31:50]} cxd5 {[%clk 1:31:32]} 4. Bd3
{[%clk 1:32:12]} Nf6 {[%clk 1:31:11]} 5. h3 {[%clk 1:30:43]} Nc6 {[%clk 1:31:23]}
6. c3 {[%clk 1:30:25]} e5 {[%clk 1:30:15]} 7. dxe5 {[%clk 1:28:09]} Nxe5
{[%clk 1:30:16]} 8. Nf3 {[%clk 1:28:16]} Nxd3+ {[%clk 1:29:51]} 9. Qxd3
{[%clk 1:28:39]} Be7 {[%clk 1:28:39]} 10. O-O {[%clk 1:26:35]} O-O
{[%clk 1:28:10]} 11. Be3 {[%clk 1:13:05]} h6 {[%clk 1:26:45]} 12. Re1
{[%clk 1:11:26]} Re8 {[%clk 1:26:03]} 13. Nbd2 {[%clk 1:06:20]} Bd6 14. Nb3
{[%clk 0:59:13]} b6 {[%clk 1:18:03]} 15. Bd4 {[%clk 0:52:53]} Ne4
{[%clk 1:14:34]} 16. Nfd2 {[%clk 0:26:50]} Bf5 {[%clk 1:11:51]} 17. Nxe4
{[%clk 0:10:49]} Bxe4 {[%clk 1:11:11]} 18. Qb5 {[%clk 0:09:30]} a6
{[%clk 1:02:06]} 19. Qxb6 {[%clk 0:06:29]} Qg5 {[%clk 1:02:15]} 20. Rxe4
{[%clk 0:05:58]} Rxe4 {[%clk 1:01:19]} 21. Qxd6 {[%clk 0:06:21]} Rae8
{[%clk 1:01:05]} 22. Be3 {[%clk 0:05:42]} Qf5 {[%clk 0:59:51]} 23. Nd4
{[%clk 0:03:47]} Qh5 {[%clk 0:59:49]} 24. Qxa6 {[%clk 0:03:23]} Qe5
{[%clk 0:59:56]} 25. Qe2 {[%clk 0:01:59]} f5 26. Qh5 Kh7 {[%clk 0:59:28]} 27.
Qxf5+ {[%clk 0:01:34]} Qxf5 {[%clk 0:59:38]} 28. Nxf5 R8e6 {[%clk 0:59:35]} 29.
Kf1 {[%clk 0:01:18]} Kg6 {[%clk 0:59:50]} 30. Nd4 {[%clk 0:01:42]} Rf6
{[%clk 0:59:55]} 31. Ke2 {[%clk 0:01:34]} Rf7 {[%clk 0:59:51]} 32. a4
{[%clk 0:01:10]} Rb7 {[%clk 1:00:10]} 33. b4 {[%clk 0:01:25]} Rc7
{[%clk 1:00:35]} 34. Kd3 {[%clk 0:01:43]} Kf6 {[%clk 1:00:40]} 35. a5
{[%clk 0:01:32]} Ke5 {[%clk 1:00:53]} 36. a6 {[%clk 0:01:19]} Rc8
{[%clk 1:01:04]} 37. a7 {[%clk 0:01:25]} Ra8 {[%clk 1:01:30]} 38. Nb5
{[%clk 0:01:27]} Rc4 {[%clk 1:01:33]} 39. Bc5 {[%clk 0:01:12]} 1-0

[Event "MSRCH16"]
[Site "?"]
[Date "2026.04.13"]
[Round "5.22"]
[White "Chmurny, Richard"]
[Black "Lukianov, Mykhailo"]
[Result "1-0"]
[BlackElo "1652"]
[WhiteElo "1734"]
[LiveChessVersion "1.4.8"]

1. Nf3 {[%clk 1:30:59]} d5 {[%clk 1:30:01]} 2. g3 {[%clk 1:31:18]} Nf6
{[%clk 1:30:28]} 3. Bg2 {[%clk 1:31:38]} c6 {[%clk 1:30:49]} 4. d3
{[%clk 1:31:25]} Bf5 {[%clk 1:30:59]} 5. O-O {[%clk 1:30:29]} Nbd7
{[%clk 1:31:23]} 6. Nbd2 {[%clk 1:29:55]} e5 {[%clk 1:28:54]} 7. Nh4
{[%clk 1:28:12]} Bg6 {[%clk 1:27:39]} 8. e4 {[%clk 1:27:37]} Bc5 {[%clk 1:25:48]}
9. Qe2 {[%clk 1:21:59]} Bh5 {[%clk 1:19:18]} 10. Bf3 {[%clk 1:20:55]} Bxf3
{[%clk 1:18:46]} 11. Nhxf3 {[%clk 1:18:55]} Bd6 {[%clk 0:56:16]} 12. d4
{[%clk 1:12:56]} Qe7 {[%clk 0:34:00]} 13. Re1 {[%clk 1:11:54]} dxe4
{[%clk 0:26:34]} 14. Nxe4 {[%clk 1:11:42]} Nxe4 {[%clk 0:26:46]} 15. Qxe4
{[%clk 1:12:05]} exd4 {[%clk 0:26:03]} 16. Qxd4 {[%clk 1:11:37]} 1-0

[Event "MSRCH16"]
[Site "?"]
[Date "2026.04.13"]
[Round "5.23"]
[White "Artner, Jakub"]
[Black "Simko, Stefan"]
[Result "1-0"]
[BlackElo "1700"]
[WhiteElo "1629"]
[LiveChessVersion "1.4.8"]

1. d4 {[%clk 1:30:58]} Nf6 {[%clk 1:30:18]} 2. c4 {[%clk 1:31:22]} e6
{[%clk 1:30:36]} 3. Nf3 {[%clk 1:31:16]} b6 {[%clk 1:31:00]} 4. Bg5
{[%clk 1:31:07]} Be7 {[%clk 1:31:01]} 5. e3 {[%clk 1:31:04]} Bb7 {[%clk 1:31:08]}
6. Be2 {[%clk 1:31:04]} O-O {[%clk 1:30:27]} 7. O-O {[%clk 1:31:24]} d5
{[%clk 1:30:22]} 8. Nc3 {[%clk 1:24:09]} Nbd7 {[%clk 1:27:36]} 9. cxd5
{[%clk 1:20:47]} exd5 {[%clk 1:26:42]} 10. Qc2 {[%clk 1:13:53]} Re8
{[%clk 1:24:28]} 11. Rfd1 {[%clk 1:09:08]} Nf8 {[%clk 1:22:37]} 12. Qb3
{[%clk 1:03:19]} h6 {[%clk 1:17:56]} 13. Bh4 {[%clk 1:02:32]} Ng6
{[%clk 1:17:56]} 14. Bg3 {[%clk 1:01:32]} Bd6 {[%clk 1:13:24]} 15. Rac1
{[%clk 0:55:30]} Bxg3 {[%clk 1:07:51]} 16. hxg3 {[%clk 0:55:50]} c6
{[%clk 0:55:21]} 17. Bd3 {[%clk 0:48:54]} Ne4 {[%clk 0:44:16]} 18. Nd2
{[%clk 0:45:24]} f5 {[%clk 0:38:53]} 19. Ndxe4 {[%clk 0:43:01]} fxe4
{[%clk 0:38:10]} 20. Bxe4 {[%clk 0:42:01]} Qg5 21. Bxg6 {[%clk 0:35:22]} Qxg6
{[%clk 0:28:05]} 22. Ne2 {[%clk 0:33:33]} h5 {[%clk 0:26:21]} 23. Nf4
{[%clk 0:31:13]} Qg5 {[%clk 0:21:08]} 24. Qa3 {[%clk 0:27:31]} Qh6
{[%clk 0:18:59]} 25. Nd3 {[%clk 0:22:54]} h4 {[%clk 0:18:41]} 26. gxh4
{[%clk 0:22:33]} Qxh4 {[%clk 0:17:52]} 27. Qd6 {[%clk 0:21:16]} Rf8
{[%clk 0:12:18]} 28. Qe6+ {[%clk 0:16:16]} Kh8 {[%clk 0:12:09]} 29. Nf4
{[%clk 0:12:44]} Kh7 {[%clk 0:06:34]} 30. Qh3 {[%clk 0:06:40]} g5
{[%clk 0:05:04]} 31. Ne6 {[%clk 0:04:01]} Rh8 32. Qf5+ {[%clk 0:02:15]} Kh6
{[%clk 0:02:44]} 33. Qf6+ {[%clk 0:02:09]} Kh5 {[%clk 0:02:46]} 34. Ng7+
{[%clk 0:02:27]} 1-0

[Event "MSRCH16"]
[Site "?"]
[Date "2026.04.13"]
[Round "5.24"]
[White "Habara, Viliam"]
[Black "Mizanin, Matej"]
[Result "0-1"]
[BlackElo "1745"]
[WhiteElo "1564"]
[LiveChessVersion "1.4.8"]

1. d4 {[%clk 1:30:39]} Nf6 {[%clk 1:30:56]} 2. Bg5 {[%clk 1:30:57]} d5
{[%clk 1:31:21]} 3. Bxf6 {[%clk 1:31:21]} gxf6 {[%clk 1:31:44]} 4. c4
{[%clk 1:31:37]} c6 {[%clk 1:30:03]} 5. Nf3 {[%clk 1:31:01]} Bg7 {[%clk 1:30:08]}
6. Nc3 {[%clk 1:31:12]} e6 {[%clk 1:29:54]} 7. e3 {[%clk 1:31:21]} Bd7
{[%clk 1:27:53]} 8. Bd3 {[%clk 1:30:40]} f5 {[%clk 1:27:52]} 9. O-O
{[%clk 1:28:12]} O-O {[%clk 1:24:29]} 10. Qc2 {[%clk 1:24:57]} Na6
{[%clk 1:20:22]} 11. a3 {[%clk 1:09:23]} Nc7 {[%clk 1:18:04]} 12. b4
{[%clk 1:04:51]} Ne8 {[%clk 1:15:49]} 13. c5 {[%clk 1:02:14]} Nf6
{[%clk 1:15:03]} 14. Ne5 {[%clk 1:01:30]} Ne4 {[%clk 1:11:11]} 15. Nxd7
{[%clk 1:01:12]} Qxd7 {[%clk 1:11:37]} 16. f3 {[%clk 1:01:35]} Nxc3
{[%clk 1:10:32]} 17. Qxc3 {[%clk 1:01:41]} Rfe8 {[%clk 1:10:06]} 18. f4
{[%clk 0:59:39]} f6 {[%clk 1:08:44]} 19. Rae1 {[%clk 0:58:35]} Re7
{[%clk 1:03:45]} 20. Qc2 {[%clk 0:48:59]} Bh6 {[%clk 0:52:15]} 21. Rf3
{[%clk 0:48:22]} Rg7 {[%clk 0:50:49]} 22. Rh3 {[%clk 0:48:11]} Rg6
{[%clk 0:51:17]} 23. Rf1 {[%clk 0:48:15]} Kh8 {[%clk 0:49:14]} 24. Rff3
{[%clk 0:43:26]} Rag8 {[%clk 0:47:13]} 25. Bf1 {[%clk 0:43:22]} Qc7
{[%clk 0:35:51]} 26. Rh4 {[%clk 0:40:47]} Bf8 {[%clk 0:30:21]} 27. Rfh3
{[%clk 0:39:41]} h6 {[%clk 0:30:28]} 28. Qd1 {[%clk 0:36:12]} Qg7
{[%clk 0:28:59]} 29. Qf3 {[%clk 0:35:26]} e5 {[%clk 0:26:14]} 30. g3
{[%clk 0:31:46]} exd4 {[%clk 0:18:06]} 31. exd4 {[%clk 0:30:56]} Qe7
{[%clk 0:18:25]} 32. Kf2 {[%clk 0:29:17]} Qe4 {[%clk 0:12:15]} 33. Qxe4
{[%clk 0:28:21]} fxe4 {[%clk 0:12:42]} 34. Be2 {[%clk 0:27:25]} f5
{[%clk 0:11:16]} 35. b5 {[%clk 0:26:53]} Bg7 {[%clk 0:09:22]} 36. Ke3
{[%clk 0:26:53]} Rc8 {[%clk 0:09:38]} 37. g4 {[%clk 0:25:35]} fxg4
{[%clk 0:09:07]} 38. Rxg4 {[%clk 0:25:26]} Rxg4 {[%clk 0:09:24]} 39. Bxg4
{[%clk 0:25:48]} Rc7 {[%clk 0:09:48]} 40. b6 {[%clk 0:23:18]} axb6
{[%clk 0:08:34]} 41. cxb6 {[%clk 0:23:39]} Re7 {[%clk 0:24:34]} 42. a4
{[%clk 0:42:19]} Re8 {[%clk 0:24:16]} 43. Kd2 {[%clk 0:28:33]} Ra8
{[%clk 0:22:26]} 44. Bd7 {[%clk 0:25:44]} Rxa4 {[%clk 0:16:08]} 45. Rb3
{[%clk 0:22:09]} Bxd4 {[%clk 0:14:45]} 46. Bxc6 {[%clk 0:21:41]} bxc6
{[%clk 0:14:51]} 47. b7 {[%clk 0:21:44]} Ba7 {[%clk 0:15:16]} 48. Rb6
{[%clk 0:20:42]} Bb8 {[%clk 0:09:39]} 49. f5 {[%clk 0:19:44]} Rc4
{[%clk 0:07:48]} 50. Rb3 {[%clk 0:16:09]} Bxh2 {[%clk 0:07:16]} 51. f6
{[%clk 0:15:57]} Kg8 {[%clk 0:06:25]} 52. Rh3 {[%clk 0:14:28]} Bf4+
{[%clk 0:06:49]} 53. Kd1 {[%clk 0:13:55]} Rb4 {[%clk 0:06:57]} 54. Rc3
{[%clk 0:13:03]} Rxb7 {[%clk 0:06:16]} 55. Rxc6 {[%clk 0:13:25]} Kf7
{[%clk 0:06:33]} 56. Rc5 {[%clk 0:13:12]} Rd7 {[%clk 0:07:01]} 57. Rc6
{[%clk 0:13:23]} Rd6 {[%clk 0:07:17]} 58. Rc7+ {[%clk 0:13:31]} Kxf6
{[%clk 0:07:38]} 59. Rc2 {[%clk 0:13:49]} d4 {[%clk 0:07:59]} 60. Rf2
{[%clk 0:14:15]} Ke5 {[%clk 0:08:21]} 61. Rc2 {[%clk 0:13:47]} d3
{[%clk 0:08:43]} 62. Rc5+ {[%clk 0:14:12]} Rd5 {[%clk 0:09:09]} 63. Rc3
{[%clk 0:14:20]} Ra5 {[%clk 0:09:21]} 64. Ke1 {[%clk 0:14:34]} Kd4
{[%clk 0:09:39]} 65. Rb3 {[%clk 0:14:59]} Ke3 {[%clk 0:09:57]} 66. Rc3
{[%clk 0:15:17]} Ra1+ {[%clk 0:10:19]} 67. Rc1 {[%clk 0:15:39]} Rxc1# 0-1

[Event "MSRCH16"]
[Site "?"]
[Date "2026.04.13"]
[Round "5.25"]
[White "Drabek, Matej"]
[Black "Gondzur, Michal"]
[Result "1-0"]
[BlackElo "1639"]
[WhiteElo "1560"]
[LiveChessVersion "1.4.8"]

1. d4 {[%clk 1:30:58]} Nf6 {[%clk 1:30:55]} 2. Nc3 {[%clk 1:31:18]} g6
{[%clk 1:31:13]} 3. e4 {[%clk 1:31:36]} d6 {[%clk 1:31:37]} 4. Be3
{[%clk 1:31:54]} Bg7 {[%clk 1:31:29]} 5. Qd2 {[%clk 1:28:43]} Ng4
{[%clk 1:29:30]} 6. f3 {[%clk 1:25:15]} Nxe3 {[%clk 1:29:40]} 7. Qxe3
{[%clk 1:25:40]} Nd7 {[%clk 1:28:08]} 8. O-O-O {[%clk 1:25:52]} c5
{[%clk 1:27:44]} 9. Nge2 {[%clk 1:26:14]} Qa5 {[%clk 1:26:31]} 10. h4
{[%clk 1:22:01]} h5 {[%clk 1:26:34]} 11. Qd2 {[%clk 1:17:08]} b5 {[%clk 1:24:17]}
12. Kb1 {[%clk 1:17:27]} Bb7 {[%clk 1:22:15]} 13. dxc5 {[%clk 1:16:47]} Nxc5
{[%clk 1:21:38]} 14. Nd5 {[%clk 1:13:04]} Qxd2 {[%clk 1:21:05]} 15. Rxd2
{[%clk 1:13:07]} Kd7 {[%clk 1:20:08]} 16. Nec3 {[%clk 1:05:20]} a6
{[%clk 1:19:56]} 17. Nb6+ {[%clk 1:05:40]} Kc7 {[%clk 1:19:41]} 18. Nxa8+
{[%clk 1:05:26]} Rxa8 {[%clk 1:20:03]} 19. Nd5+ {[%clk 0:44:41]} Bxd5
{[%clk 1:20:16]} 20. exd5 {[%clk 0:45:02]} b4 {[%clk 1:20:05]} 21. b3
{[%clk 0:29:34]} f5 {[%clk 1:18:55]} 22. Bd3 {[%clk 0:20:16]} a5 {[%clk 1:18:59]}
23. g4 {[%clk 0:11:09]} Nxd3 {[%clk 1:18:59]} 24. Rxd3 {[%clk 0:11:01]} f4
{[%clk 1:19:24]} 25. Re1 {[%clk 0:10:25]} Kd7 {[%clk 1:19:38]} 26. Re6
{[%clk 0:09:57]} hxg4 {[%clk 1:19:19]} 27. Rxg6 {[%clk 0:10:06]} Bf6
{[%clk 1:16:36]} 28. Rxg4 {[%clk 0:09:21]} Be5 {[%clk 1:16:49]} 29. Rd1
{[%clk 0:09:16]} a4 {[%clk 1:16:58]} 30. h5 {[%clk 0:08:17]} axb3
{[%clk 1:16:52]} 31. cxb3 {[%clk 0:08:40]} Rh8 {[%clk 1:17:11]} 32. Rh1
{[%clk 0:08:52]} Rc8 {[%clk 1:17:28]} 33. h6 {[%clk 0:07:49]} Rc3
{[%clk 1:17:29]} 34. h7 {[%clk 0:08:05]} Rxf3 {[%clk 1:17:54]} 35. h8=Q
{[%clk 0:08:24]} Bxh8 {[%clk 1:18:18]} 36. Rxh8 {[%clk 0:08:43]} Rf1+
{[%clk 1:18:39]} 37. Kc2 {[%clk 0:08:13]} f3 {[%clk 1:19:01]} 38. Rf4
{[%clk 0:07:34]} f2 {[%clk 1:19:26]} 39. Kd2 {[%clk 0:07:42]} Ra1
{[%clk 1:19:32]} 40. Rxf2 {[%clk 0:07:51]} Rxa2+ {[%clk 1:19:57]} 41. Ke1
{[%clk 0:07:55]} Ra3 {[%clk 1:19:58]} 42. Rh3 {[%clk 0:08:14]} Ra1+
{[%clk 1:19:34]} 43. Ke2 {[%clk 0:08:23]} Ra2+ {[%clk 1:19:54]} 44. Ke3
{[%clk 0:08:37]} Ra3 {[%clk 1:20:08]} 45. Kd4 {[%clk 0:08:59]} e5+
{[%clk 1:20:15]} 46. dxe6+ {[%clk 0:08:40]} Kxe6 {[%clk 1:20:36]} 47. Kc4
{[%clk 0:09:04]} 1-0

[Event "MSRCH16"]
[Site "?"]
[Date "2026.04.13"]
[Round "5.26"]
[White "Stolar, Matus"]
[Black "Vanco, Simon"]
[Result "1-0"]
[BlackElo "1681"]
[WhiteElo "1688"]
[LiveChessVersion "1.4.8"]

1. e4 {[%clk 1:30:57]} d6 {[%clk 1:30:55]} 2. d4 {[%clk 1:31:12]} Nf6
{[%clk 1:31:18]} 3. Nc3 {[%clk 1:31:24]} g6 {[%clk 1:31:40]} 4. f4
{[%clk 1:30:02]} Bg7 {[%clk 1:31:54]} 5. Nf3 {[%clk 1:30:00]} O-O
{[%clk 1:31:48]} 6. Bd3 {[%clk 1:29:37]} Nc6 {[%clk 1:29:20]} 7. O-O
{[%clk 1:29:02]} Bg4 {[%clk 1:27:21]} 8. Be2 {[%clk 1:20:23]} Nd7
{[%clk 1:18:46]} 9. Be3 {[%clk 1:18:33]} Bxf3 {[%clk 1:11:21]} 10. Bxf3
{[%clk 1:15:18]} e5 {[%clk 1:10:17]} 11. d5 {[%clk 1:13:53]} Na5 {[%clk 1:06:32]}
12. Be2 {[%clk 1:09:52]} b6 {[%clk 0:59:28]} 13. f5 {[%clk 1:02:31]} Nb7
{[%clk 0:42:49]} 14. Qd2 {[%clk 0:48:31]} Nf6 {[%clk 0:34:58]} 15. g4
{[%clk 0:44:03]} Nc5 {[%clk 0:26:24]} 16. Bf3 {[%clk 0:43:58]} Ne8
{[%clk 0:19:16]} 17. Bh6 {[%clk 0:33:16]} f6 {[%clk 0:17:37]} 18. h4
{[%clk 0:30:46]} Qd7 {[%clk 0:11:22]} 19. Be2 {[%clk 0:26:29]} c6
{[%clk 0:09:07]} 20. dxc6 {[%clk 0:25:28]} Qxc6 {[%clk 0:09:31]} 21. Bc4+
{[%clk 0:25:52]} Kh8 {[%clk 0:09:44]} 22. Bd5 {[%clk 0:25:14]} Qc8
{[%clk 0:09:18]} 23. Bxg7+ {[%clk 0:24:55]} Kxg7 {[%clk 0:09:16]} 24. Bxa8
{[%clk 0:24:52]} Qxa8 {[%clk 0:09:41]} 25. Qd5 {[%clk 0:24:27]} Qc8
{[%clk 0:09:03]} 26. Nb5 {[%clk 0:20:56]} Qd7 {[%clk 0:07:30]} 27. Nc3
{[%clk 0:18:53]} Nc7 {[%clk 0:07:08]} 28. Qd2 {[%clk 0:17:54]} Qc6
{[%clk 0:05:29]} 29. Rae1 {[%clk 0:17:20]} Rd8 {[%clk 0:03:50]} 30. g5
{[%clk 0:15:44]} Ne8 {[%clk 0:03:06]} 31. fxg6 {[%clk 0:15:14]} hxg6
{[%clk 0:03:08]} 32. gxf6+ {[%clk 0:15:05]} Nxf6 {[%clk 0:03:32]} 33. Rxf6 1-0